000 00468cam a2200145 4500500
005 20260322001319.0
041 _afre
042 _adc
100 1 0 _aBillier, Jean-Cassien
_eauthor
245 0 0 _aFaut-il avouer ses infidélités ?
260 _c2007.
500 _a18
786 0 _nPhilosophie magazine | 7 | 3 | 2007-03-01 | p. 11-11 | 1951-1787
856 4 1 _uhttps://shs.cairn.info/magazine-philosophie-magazine-2007-3-page-11?lang=fr&redirect-ssocas=7080
999 _c1713712
_d1713712